Quizzes
Events
Quiz Creation
Community
Videos
Private Events
Remove Ads
Sign In
Join for FREE
Feedback
Dark Mode
Quiz Categories
Sports
Geography
Music
Movies
Television
Just For Fun
Miscellaneous
History
Literature
Language
Science
Gaming
Entertainment
Religion
Holiday
For Kids
Quiz Lab
Recent
Popular Today
Quiz Kudos Today
Editor Picks
Curator Picks
Quizzes by...
Day
Popularity
Type
Ratings
Length
Year
Community
Subscriptions
Recent Discussions
Orange Saloon
Badges
Playlists
Quests
Create
Leaderboards
Showdown
Live 5
Trivia Bingo
Activity
Puzzle Library
Sporcle Events
Private Events
Virtual Trivia
Globe League
Become a Host
Pub Owners
SporcleCon
Opinionation
Our Games
Videos
Blog
Mobile Apps
Partnerships
Remove Ads and Go Orange
Feedback
Sports
Athletes
MLB
NBA
NHL
NFL
Soccer
Sports Teams
WWE
NCAA
Football
Premier League
Basketball
Baseball
Hockey
Golf
Tennis
Cricket
Rugby
Auto Racing
Olympics
World Cup
Sports
Athletes
MLB
NBA
NHL
NFL
Soccer
Sports Teams
WWE
NCAA
Football
Premier League
Basketball
Baseball
Hockey
Golf
Tennis
Cricket
Rugby
Auto Racing
Olympics
World Cup
Random Quiz
Search Sporcle
×
Quiz Lab
Quiz Lab
Sports
Player
Type in answers that appear in a list
Type in answers that appear in a list
Classic
Best Score? Go Orange.
New Years Day Goalscorers Stats
Can you name the New Years Day Premier League Goalscorers Since 2008?
By
aj95
12m
54 Questions
28 Plays
28 Plays
28 Plays
Comments
Comments
Give Quiz Kudos
Give Quiz Kudos
-
- Ratings
hide this ad
Replay
Link that replays current quiz
Next Quiz
Link to next quiz in quiz playlist
You Got
0%
They Got
Avg Score
47%
Avg Friend Score
Upgrade to see
Score Distribution
Jump to the score distribution portion of the page
Score
0/54
Timer
12:00
0
Plays Today
Year
Player Name
% Correct
2011
Wayne Rooney
92.9%
2008
Jermain Defoe
92.9%
2011
Robin VanPersie
85.7%
2013
Robin VanPersie
85.7%
2008
Emmanuel Adebayor
82.1%
2013
Sergio Aguero
82.1%
2013
Emmanuel Adebayor
82.1%
2011
Darren Bent
78.6%
2008
Carlos Tevez
78.6%
2013
Edin Dzeko
78.6%
2011
Fernando Torres
75%
2013
Dimitar Berbatov
75%
2011
Gareth Bale
67.9%
2011
Javier Hernandez
64.3%
2011
Joe Cole
64.3%
2013
Christian Benteke
64.3%
2013
Javier Hernandez
64.3%
2011
Adam Johnson
60.7%
2011
Samir Nasri
60.7%
2011
Roger Johnson
60.7%
2008
Andy Johnson
60.7%
2013
Clint Dempsey
60.7%
2013
Andreas Weimann
57.1%
2013
Romelu Lukaku
57.1%
2013
Mark Noble
53.6%
2011
Kevin Davies
46.4%
2011
Kenwyne Jones
46.4%
Year
Player Name
% Correct
2011
Asamoah Gyan
42.9%
2013
Danny Graham
42.9%
2008
Salomon Kalou
39.3%
2013
Pablo Zabaleta
39.3%
2008
Michael Ballack
35.7%
2013
Michael Dawson
35.7%
2013
Gaston Ramirez
35.7%
2012
Victor Anichebe
32.1%
2008
Danny Murphy
32.1%
2013
Wayne Routledge
32.1%
2011
James Morrison
28.6%
2011
Danny Welbeck
28.6%
2013
Guilherme DoPrado
28.6%
2008
Eduardo
25%
2013
Joey OBrien
25%
2013
Pavel Pogrebnyak
25%
2013
Russell Martin
25%
2012
Ji Dong Won
21.4%
2011
Phil Jagielka
17.9%
2008
John Utaka
17.9%
2013
Alex Kacaniklic
17.9%
2008
Sol Campbell
14.3%
2008
Martin Laursen
14.3%
2008
Olof Mellberg
10.7%
2011
Ronald Zubar
7.1%
2008
James McFadden
7.1%
2011
Freddie Sears
3.6%
Quiz Playlist
Details
Report
Send in Message
Add To Playlist
Classic:
Type in answers that appear in a list
Last Updated: Feb 16, 2017
Quiz Scoreboard
CHALLENGE
Sign Up to Join the Scoreboard
Show All
Scores
Hide
Comments
May contain spoilers
Recently Published
9x9 Crossword: Cartoon Network
by jackfrog10
Miscellaneous
3m
College Basketball Coaching Resumes
by pancakes188
Sports
9m
Billboard Blitz: Fleetwood Mac
by CooCooCachoo
Music
15s
More to Explore
Quiz From the Vault
Featured Blog Post
Where Did the Easter Bunny Come From?
hide this ad
You Might Also Like...
Tags
2008
Goal Scorers
League
League Scorers
New Year
Player
Premier
Today's Top Quizzes in Sports
Browse Sports
hide this ad
Today's Top Quizzes in Player
Browse Player
Top Contributed Quizzes in Sports
1
2022 World Cup Stars
2
Les meilleurs buteurs des matchs entre le PSG et l’OM
3
FIFA Club World Cup Champions
4
Les entraîneurs de l'OM et du PSG au 21e siècle
5
Criteria MLB: Left Handed Sluggers
6
AFC Teams Reveal (Wrong Answers Minefield)
7
2023 MLB Unique Player Accomplishments
8
Players with Multiple 50 Home Run Seasons
9
5-to-1: FBS Animal Nicknames
10
5-to-1: UK Sports Teams
Explore More
Trending Topics
Kpop
Anime
Crossword
Marvel
Disney
Harry Potter
NBA
Song
Puzzle
Country
The Office
NFL
Soccer
Pokémon
WWE
hide this ad
More By:
aj95
Quiz
Plays
Rating
Category
Featured
Created
European Capital Match-Up
164,407
4.53
Geography
Mar 11, 2013
Top Premier League Scorers (2010s)
141,102
4.59
Sports
Aug 12, 2015
Premier League Nationalities 2013-14
10,946
4.32
Sports
Jul 12, 2013
Premier League Club Top Scorers 2014/15
7,349
3.72
Sports
May 20, 2015
Minute Maths
6,076
3.88
Just For Fun
Jan 17, 2013
Go to Creator's Profile
Score Distribution
Quiz Creator Spotlight
aj95
Follow
Send a Message
Quizzes Created
-
Created Quiz Play Count
-
More By This Creator
Popular Quizzes Today
1
Find the US States - No Outlines Minefield
2
Find the Countries of Europe - No Outlines Minefield
3
The Countries of the World
4
Find the US States
5
Risky Map Clicking: Biggest States A-Z
6
US States
7
Popular People in 1961
8
Movies - When Are They Set?
More Sports Quizzes
French Ligue 1 winners' XIs (2010s)
Quiz Lab
Trending Quizzes
Risky Map Clicking: Least Populous States A-Z
1-10 Letter G Words
1-10 Letter F Words
Risky Map Clicking: Next State Alphabetically
Adjectives in 80s TV Shows
Recently Updated
Leaping Animals
pecheneg
Reality TV Shows (A-Z)
bhenderson79
Rickey Henderson's Hall of Fame Teammates
pecheneg
Champions League XIs: Arsenal
pecheneg
Quick Pick: Celebrities in WWE's Hall of Fame
aduchscher
A-Z Keypad Blitz II
pecheneg
Multiple Oscar Actors
pecheneg
Mystery Phrase Blitz: Oscar 'Best Actors'
pecheneg
F. Scott Fitzgerald Novels
LTH
Pick 3 Villains
ddd62291
Trending Topics
Harry Potter
Anime
Disney
NBA
Marvel
Crossword
Kpop
Song
Pokémon
Puzzle
Country
Soccer
The Office
WWE
NFL
Your Account Isn't Verified!
In order to create a playlist on Sporcle, you need to verify the email address you used during registration. Go to your
Sporcle Settings
to finish the process.
Report this User
Report this user for behavior that violates our
Community Guidelines
.
Details:
Send Report
Go to the Sporcle.com Mobile Site →
Comments